O Berço da Desigualdade = The Cradle of Inequality = La Cuna de la Desigualdad = Le Berceau de L'inégalité.

Guardado en:
Detalles Bibliográficos
Autor principal: Salgado, Sebastião (autor)
Otros Autores: Buarque, Cristovam (autor)
Formato: Libro
Publicado: Brasília, Brasil: UNESCO; Fundação Santillana, 2006.
Edición:2.ed.
Materias:
Etiquetas: Agregar Etiqueta
Sin Etiquetas, Sea el primero en etiquetar este registro!

MARC

LEADER 00000nam a22000007a 4500
003 CL-VaPUC
005 20221207090336.0
008 221012t2006 ||||| |||| 00| 0 eng d
999 |c 439136  |d 439134 
020 |a 85-16-05367-9 
040 |c Pontificia Universidad Católica de Valparaíso 
082 0 4 |2 22  |a 379.2 SAL 2006 
100 1 |a Salgado, Sebastião  |e autor  |9 877576 
245 1 2 |a O Berço da Desigualdade = The Cradle of Inequality = La Cuna de la Desigualdad = Le Berceau de L'inégalité. 
250 |a  2.ed. 
260 |a Brasília, Brasil:  |b UNESCO;  |b Fundação Santillana,  |c 2006. 
300 |a 192 páginas. 
500 |a c.1. Donación Rector saliente Claudio Elortegui, Julio 2022. 
583 |c 20221012  |k Catalogador Asistente 
650 1 |a Igualdad de la educación  |9 339796  |x Ilustraciones 
650 1 |a Igualdad de oportunidades  |9 331873 
650 1 |a Sociología de la educación  |9 260380 
650 1 |a Desigualdad educativa  |x Ilustraciones  |9 878235 
700 |a Buarque, Cristovam  |e autor  |9 877577 
942 |2 ddc  |c BK 
952 |0 0  |1 0  |2 ddc  |4 0  |6 379_200000000000000_SAL_2006  |7 0  |8 A  |9 587201  |a BIBART  |b BIBART  |c GEN  |d 2022-10-12  |e Donación  |i 5655143  |o 379.2 SAL 2006  |p 5655143  |r 2025-03-13  |t 1  |w 2022-10-12  |y BK  |k ART